Countries with the most Japanese diaspora - Statistics

General Stats
  • This quiz has been taken 98 times
  • The average score is 8 of 10
Answer Stats
Japanese Population Country % Correct
1,550,000+ United States
100%
100,000+ China
98%
95,000+ Australia
96%
130,000+ Canada
96%
2,000,000+ Brazil
93%
86,000+ Mexico
78%
76,000+ Argentina
74%
100,000+ Peru
74%
120,000+ Philippines
70%
80,000+ Thailand
57%
No matching quizzes found
Score Distribution
Percent of People with Each Score
Percentile by Number Answered
Your Score History
You have not taken this quiz